| 000 | 00404 a2200145 4500 | ||
|---|---|---|---|
| 005 | 20250625094601.0 | ||
| 020 | _a0-521-31224-8 | ||
| 082 | _a407.1COL | ||
| 100 | _aCOLLIE. J. | ||
| 245 | _aLiterature in the Language Classroom: A Resource Book of Idea and Activities | ||
| 260 |
_aNew York, _bPress. s, _c1987. |
||
| 300 |
_avi, 266, ill,; figure _bIndex _c23cm |
||
| 700 | _aSLATER. S. | ||
| 942 |
_2ddc _cBKS |
||
| 999 |
_c4985 _d4985 |
||